Loading...
Current Events | 2 | 20.00 | 100% | 50% | 50% |
Fine Arts - Classical Music | 2 | 15.00 | 100% | 50% | 0% |
Fine Arts - Other Fine Arts | 5 | 10.00 | 60% | 40% | 0% |
Fine Arts - Painting and Sculpture | 1 | 10.00 | 100% | 0% | 0% |
Geography | 2 | 15.00 | 50% | 50% | 50% |
History - American History | 3 | 10.00 | 100% | 0% | 0% |
History - European History | 2 | 20.00 | 50% | 100% | 50% |
History - Other History | 4 | 10.00 | 100% | 0% | 0% |
History - World History | 2 | 15.00 | 100% | 50% | 0% |
Literature - American Literature | 4 | 7.50 | 75% | 0% | 0% |
Literature - British Literature | 3 | 16.67 | 100% | 33% | 33% |
Literature - European Literature | 3 | 13.33 | 67% | 67% | 0% |
Literature - World Literature | 5 | 8.00 | 80% | 0% | 0% |
Mythology | 2 | 15.00 | 100% | 0% | 50% |
Other Academic | 1 | 20.00 | 100% | 100% | 0% |
Philosophy | 4 | 12.50 | 100% | 25% | 0% |
Religion | 4 | 12.50 | 100% | 25% | 0% |
Science - Biology | 4 | 10.00 | 75% | 0% | 25% |
Science - Chemistry | 3 | 10.00 | 100% | 0% | 0% |
Science - Other Science | 6 | 11.67 | 100% | 17% | 0% |
Science - Physics | 5 | 8.00 | 80% | 0% | 0% |
Social Science | 3 | 10.00 | 67% | 33% | 0% |